000
00200 a2200097 4500
001
7827
100
_a
Abbott, W
245
_a
Machine drawing & design
260
_a
_b
Blackie
_c
090
_c
6276
_d
6276
942
_a
NUST-CAE
_c
M
_c
32796
999
_c
242900
_d
242900